Competencias profesionales del Psicólogo Clínico (Record no. 206264)

MARC details
000 -CABECERA
campo de control de longitud fija 01614nab a2200265 a 4500
005 - FECHA Y HORA DE LA ÚLTIMA TRANSACCIÓN
campo de control 20260109063953.0
008 - ELEMENTOS DE LONGITUD FIJA--INFORMACIÓN GENERAL
campo de control de longitud fija 991125c2019 mx zr p o 000 0 spa d
035 ## - NÚMERO DE CONTROL DEL SISTEMA
Número de control de sistema UPN01000234169
040 ## - FUENTE DE LA CATALOGACIÓN
Centro catalogador/agencia de origen MX-MxUPN
Lengua de catalogación spa
Centro/agencia transcriptor MX-MxUPN
Normas de descripción aacr2
049 ## - COLECCIÓN
Colección ART-E
100 1# - ASIENTO PRINCIPAL--NOMBRE PERSONAL
Nombre de persona Rodríguez Campuzano, María de Lourdes
Enlace - carmayu5@yahoo.com.
245 10 - MENCIÓN DE TÍTULO
Título Competencias profesionales del Psicólogo Clínico
Medio [recurso electrónico en línea]
506 0# - NOTA DE RESTRICCIONES AL ACCESO
Limitaciones de acceso Acceso abierto
520 3# - NOTA DE RESUMEN, ETC.
Sumario, etc. Se hace una breve descripción histórica del devenir de la acción profesional de la psicología, con énfasis en el contexto clínico. Se empieza caracterizando, de acuerdo con una concepción histórica, la ciencia y la tecnología como modos de producción de conocimiento con caracte-rísticas específicas que las distinguen. A partir de ello, la autora recomienda que el ejercicio profesional se fundamente en los conocimientos procurados por una teoría general del com-portamiento, para lo cual describe tres competencias consideradas básicas para el entrena-miento de futuros profesionales: la competencia teórica, la metodológica y la terapéutica.
650 #4 - ASIENTO SECUNDARIO DE MATERIA - TERMINO TEMATICO
Término de materia o nombre geográfico como elemento de entrada Ciencia
9 (RLIN) 7469
650 #7 - ASIENTO SECUNDARIO DE MATERIA - TERMINO TEMATICO
Término de materia o nombre geográfico como elemento de entrada Tecnología
Fuente del encabezamiento o término
9 (RLIN) 11976
650 #4 - ASIENTO SECUNDARIO DE MATERIA - TERMINO TEMATICO
9 (RLIN) 13467
Término de materia o nombre geográfico como elemento de entrada Psicología clínica
653 0# - TERMINO DE INDIZACION - NO CONTROLADO
Término no controlado Ejercicio profesional
653 0# - TERMINO DE INDIZACION - NO CONTROLADO
Término no controlado Competencias profesionales
773 ## - ENLACE AL DOCUMENTO FUENTE/ENTRADA DE REGISTRO ANFITRIÓN
Parte(s) relacionada(s) Vol. 1, no. 3 (2019), p. 387-396
Título Enseñanza e investigación en psicología
Número Internacional Normalizado para Publicaciones Seriadas 2683-2046
856 40 - LOCALIZACIÓN Y ACCESO ELECTRÓNICOS
Identificador Uniforme del Recurso <a href="https://www.revistacneip.org/index.php/cneip/article/view/76/61">https://www.revistacneip.org/index.php/cneip/article/view/76/61</a>
902 ## - ELEMENTOS DE DATOS B LOCAL, LDB (RLIN)
Creó GloriaJiménez/211022
Modificó GloriaJiménez/211022
905 ## - TIPO DE MATERIAL
Tipo de material Articulo
942 ## - ELEMENTOS DE PUNTO DE ACCESO ADICIONAL (KOHA)
Tipo de ítem Koha Artículo Electrónico
Holdings
Estado de retiro Estado de pérdida Estado dañado No para préstamo Código de colección Localización permanente Ubicación/localización actual Ubicación en estantería Fecha de adquisición Total de préstamos Fecha visto por última vez Identificador Uniforme del Recurso Precio válido a partir de Tipo de ítem Koha
        Acceso abierto Bib. Gregorio Torres Quintero Bib. Gregorio Torres Quintero En línea 21/10/2022   21/10/2022 https://www.revistacneip.org/index.php/cneip/article/view/76/61 21/10/2022 Artículo Electrónico